| 000 | 00621cam a2200205 4500 | ||
|---|---|---|---|
| 005 | 20131114105550.0 | ||
| 008 | 710329s1971 nyu b 000 0 eng | ||
| 020 | _a0394430727 | ||
| 041 | 0 | _aeng | |
| 080 | _a341 | ||
| 100 | 1 |
_aDouglas, William O. _q(William Orville), _d1898-1980. |
|
| 245 | 1 | 0 |
_aInternational dissent: _c[by] William O. Douglas. |
| 260 |
_aNew York, _bRandom House _c[1971] |
||
| 300 |
_a155 p. _c21 cm. |
||
| 500 | _aForeword : f. 3-7 | ||
| 504 | _aIncludes bibliographical references. | ||
| 650 | 0 | _aPaqja | |
| 650 | 0 | _aMarrëdhënie ndërkombëtare | |
| 942 |
_2udc _cBK |
||
| 999 |
_c322 _d322 |
||